000
00294nam a22001337a 4500
008
190206b xxu||||| |||| 00| 0 eng d
020
_a
9780534187866
041
_a
eng
080
_a
510
100
_a
38
101
_a
MAT
245
_a
Patterns in Mathematics
_c
Cown,J.R.M
942
_2
udc
_c
BK
999
_c
54088
_d
54088